| 000 | 00864nam a2200265Ia 4500 | ||
|---|---|---|---|
| 001 | 22011 | ||
| 005 | 20260320113334.0 | ||
| 008 | 260320s9999||||xx |||||||||||||| ||und|| | ||
| 020 | _a9788497047616 | ||
| 041 | _aESP | ||
| 082 |
_a770.28 _bM44 |
||
| 100 |
_aMestre i Vergés, Jordi, _eAUT |
||
| 245 | 0 |
_aIdentificación y conservación de fotografías _b |
|
| 246 |
_a _5 _b |
||
| 250 | _aSegunda edición | ||
| 260 |
_aGijón : _bEdiciones Trea, _c2014 |
||
| 300 |
_a118 páginas : _bfotografías ; _c22 cm. _e |
||
| 440 |
_a(Biblioteconomía y administración cultural _n; número 88) _v |
||
| 650 | _aABD | ||
| 653 | _aFotografía - Conservación | ||
| 654 | _aCHU | ||
| 700 |
_a _c |
||
| 856 |
_uhttps://0u20fmxaw-y-https-research-ebsco-com.itmsp.museknowledge.com/c/qxo6us/search _zVéase además: Base de datos EBSCOhost |
||
| 942 |
_cLIB _dJUS _fMAT _2ddc _n |
||
| 999 |
_c22011 _d22011 |
||